Contemporary marketing / (Record no. 344782)
[ view plain ]
| 000 -LEADER | |
|---|---|
| fixed length control field | 01383 a2200229 4500 |
| 020 ## - INTERNATIONAL STANDARD BOOK NUMBER | |
| International Standard Book Number | 0030314038 |
| 020 ## - INTERNATIONAL STANDARD BOOK NUMBER | |
| International Standard Book Number | 9780030314032 |
| 082 04 - DEWEY DECIMAL CLASSIFICATION NUMBER | |
| Classification number | 658.8 |
| 090 ## - LOCALLY ASSIGNED LC-TYPE CALL NUMBER (OCLC); LOCAL CALL NUMBER (RLIN) | |
| -- | 2281 |
| -- | 2281 |
| 100 1# - MAIN ENTRY--PERSONAL NAME | |
| Personal name | Boone, Louis E. |
| 245 10 - TITLE STATEMENT | |
| Title | Contemporary marketing / |
| Statement of responsibility, etc. | Louis E. Boone. |
| 250 ## - EDITION STATEMENT | |
| Edition statement | 10th ed. |
| 260 ## - PUBLICATION, DISTRIBUTION, ETC. | |
| Place of publication, distribution, etc. | [S.l.] : |
| Name of publisher, distributor, etc. | South-Western Educational Publishing, |
| Date of publication, distribution, etc. | 2000. |
| 300 ## - PHYSICAL DESCRIPTION | |
| Extent | 736 p. ; |
| Dimensions | 28 cm. |
| 500 ## - GENERAL NOTE | |
| General note | Hardcover. |
| 520 ## - SUMMARY, ETC. | |
| Summary, etc. | Boone and Kurtz�s Contemporary Marketing has proved to be the premier introduction to marketing text and package, edition after edition. With each edition, this best selling author team builds and improves upon past innovations, creating the most technologically advanced, student friendly, instructor supported text available. The tenth edition is the first text to devote two full chapters (an entire part) to technology issues. Part Two, Managing Technology to Achieve Marketing Success, explores emerging e-commerce concepts and related issues and also includes an entire chapter devoted to the impact of technology and the Internet on relationship marketing. |
| 700 1# - ADDED ENTRY--PERSONAL NAME | |
| Personal name | Boone. |
| 700 1# - ADDED ENTRY--PERSONAL NAME | |
| Personal name | Kurtz, David L. |
| 856 40 - ELECTRONIC LOCATION AND ACCESS | |
| Materials specified | Amazon.com |
| Uniform Resource Identifier | <a href="http://www.amazon.com/exec/obidos/ASIN/0030314038/chopaconline-20">http://www.amazon.com/exec/obidos/ASIN/0030314038/chopaconline-20</a> |
| 856 40 - ELECTRONIC LOCATION AND ACCESS | |
| Materials specified | Amazon customer reviews |
| Uniform Resource Identifier | <a href="http://www.chopac.org/cgi-bin/tools/azrev.pl?q=0030314038">http://www.chopac.org/cgi-bin/tools/azrev.pl?q=0030314038</a> |
| 942 ## - ADDED ENTRY ELEMENTS (KOHA) | |
| Institution code [OBSOLETE] | NBS |
| Koha item type | Book |
| Call number prefix | 658.8 KUR |
| Withdrawn status | Lost status | Damaged status | Not for loan | Permanent Location | Current Location | Date acquired | Total Checkouts | Full call number | Barcode | Date last seen | Price effective from | Koha item type |
|---|---|---|---|---|---|---|---|---|---|---|---|---|
| Central Library (CL) | Central Library (CL) | 08/28/2013 | 658.8 KUR | NBS5377 | 08/28/2013 | 08/28/2013 | Book |
